Countries- Tourism Slogans - Statistics

General Stats
  • This quiz has been taken 36 times
  • The average score is 6 of 14
Answer Stats
Slogan Answer % Correct
Theres nothing like _ Australia
70%
All time classic Greece
70%
Live it to believe it Mexico
67%
_ like never before China
63%
_ Sensational! Brazil
60%
Reveal your own _ Russia
60%
Amazing_ it begins with the people Thailand
53%
_ its all about U Ukraine
50%
Arrive and Revive Austria
40%
Its more fun in __ Philippines
30%
The place to be Belgium
23%
The Sunny side of life Maldives
20%
Happines is a place Bhutan
17%
Land of Wonders Kazakhstan
17%
No matching quizzes found
Score Distribution
Percent of People with Each Score
Percentile by Number Answered
Your Score History
You have not taken this quiz